000 00445nam a2200157 4500
001 144865
003 ES-MaACL
005 20230906201121.0
007 t|
008 070214s1912 fr r ||||1| fre d
100 1 _aSimiand, François.
_9106472
245 1 3 _aLa methode positive en science économique /
_cFrançois Simiand.
260 _aParis :
_b[s.n.],
_c1912 (
_fImp. Durand)
300 _a208 p. ;
_c19 cm.
852 _aES-MaACL
_jF-11664
999 _c144865
_d144865